000 01968nam1a2200337 i 4500
001 RU\NLR\BIBL_A\012573769
005 20240922015611.0
010 _a9785703855461
_9100
035 _a(NLR Aleph) 012573769
090 _a12499621
_c12499621
100 _a20210802d2020 km y0rusy50 ca
101 0 _arus
_deng
102 _aRU
105 _a||||z|||1||||
181 0 _ai3
_bab2e
182 0 _an
200 1 _aБудущее машиностроения России
_eтринадцатая Всероссийская конференция молодых ученых и специалистов (с международным участием), Москва, 22-25 сентября 2020 г.
_eсборник докладов
_eв 2 т.
_fСоюз машиностроителей России, Московский государственный технический университет им. Н. Э. Баумана (национальный исследовательский университет)
203 _aТекст
_bвизуальный
_cнепосредственный
210 _aМосква
_cИзд-во МГТУ им. Н.Э. Баумана
_d2020
215 _d24
300 _aРез. англ.
313 _a12-я конф-я 2019 г.
606 1 _aМашиностроение
_jСъезды, совещания и т.п
_91221571
_3RU\NLR\AUTH\66178864
686 1 _aК4я431(2)
711 1 2 _a"Будущее машиностроения России", всероссийская конференция молодых ученых и специалистов (с международным участием)
_d13
_eМосква
_f2020
_9762066
_3RU\NLR\AUTH\880548347
712 0 2 _4570
_aСоюз машиностроителей России
_9695933
_3RU\NLR\AUTH\880517604
852 _aNLR
_j2021-7/4788
942 _cBOOK